| 000 | 00725nmc a2200241 a 4500 | ||
|---|---|---|---|
| 003 | AR-BaBNM | ||
| 005 | 20251128204101.0 | ||
| 008 | 245019s1989 ||||||||||||||000 | spa|| | ||
| 040 | _cAR-BaBNM | ||
| 100 | 1 | _aTesler, Mario | |
| 245 | 1 | 0 | _aLos aborígenes durante el peronismo y los gobiernos militares |
| 260 |
_aBuenos Aires _bCentro Editor de América Latina _c1989 |
||
| 300 |
_a32 p. _bil. |
||
| 490 | 0 |
_aConflictos y procesos de la historia argentina contemporánea _vv. 21 |
|
| 610 | 2 | 4 | _aPartido Justicialista |
| 650 | 4 | _aABORIGENES ARGENTINOS | |
| 650 | 4 | _aMARGINALIDAD SOCIAL | |
| 653 | _aPERONISMO | ||
| 653 | _aGOBIERNO MILITAR | ||
| 800 | 1 |
_aTroncoso, Oscar _edirector |
|
| 942 | _cBK | ||
| 998 | _cMarce | ||
| 999 |
_c6102 _d6102 |
||